000 00501nam a2200193Ia 4500
008 131103s9999 xx 000 0 und d
020 _aSBN 49100253 X
040 _aLoreto College
041 _aEnglish
082 _a791.4/FIM
_bLCLIB/17981
245 _aFilm review 1969 - 70
_cedited by F.Maurice Speed
260 _aLondon
_bW.H.Allen
_c1969
300 _a228 p.
_c 20 cm.
650 _aFilms
651 _aMotion Pictures
700 _aSpeed,F.Maurice,ed.
850 _aLCLIB
942 _cBK
999 _c7172
_d57651